LIBRARY ONLINE CATALOGUE

Hayes & Williams' Family Law (Record no. 18369)

MARC details
000 -LEADER
fixed length control field 00402nam a22001577a 4500
008 - FIXED-LENGTH DATA ELEMENTS--GENERAL INFORMATION
fixed length control field 200727b xxu||||| |||| 00| 0 eng d
020 ## - INTERNATIONAL STANDARD BOOK NUMBER
International Standard Book Number 0198811862
050 ## - LIBRARY OF CONGRESS CALL NUMBER
Classification number KD750
Item number .G55 2018 c.1
100 ## - MAIN ENTRY--PERSONAL NAME
Personal name Gilmore, Stephen
245 ## - TITLE STATEMENT
Title Hayes & Williams' Family Law
Statement of responsibility, etc. Stephen Gilmore
250 ## - EDITION STATEMENT
Edition statement 6th ed.
260 ## - PUBLICATION, DISTRIBUTION, ETC. (IMPRINT)
Place of publication, distribution, etc. UK
Name of publisher, distributor, etc. OUP
Date of publication, distribution, etc. 2018
300 ## - PHYSICAL DESCRIPTION
Extent xcii, 795p.
700 ## - ADDED ENTRY--PERSONAL NAME
Personal name Lisa Glennon
942 ## - ADDED ENTRY ELEMENTS (KOHA)
Source of classification or shelving scheme Library of Congress Classification
Koha item type General Collection
Holdings
Withdrawn status Lost status Source of classification or shelving scheme Not for loan Home library Current library Date acquired Total Checkouts Total Renewals Full call number Barcode Date last seen Date last checked out Price effective from Koha item type
    Library of Congress Classification   Kabarak, Main Campus Kabarak, Main Campus 27/07/2020 4 2 KD750 .G55 2018 c.1 030054 19/03/2026 19/03/2026 27/07/2020 General Collection
    Library of Congress Classification   Kabarak, Main Campus Kabarak, Main Campus 27/07/2020 2   KD750 .G55 2018 c.2 030055 03/10/2024 23/09/2024 27/07/2020 General Collection
    Library of Congress Classification   Kabarak, Main Campus Kabarak, Main Campus 27/07/2020 3 1 KD750 .G55 2018 c.3 030056 27/09/2024 16/09/2024 27/07/2020 General Collection